000 00937nam a22002177a 4500
999 _c7272
_d7272
003 AR-CdUCM
008 190320b ||||| |||| 00| 0 spa d
040 _aMUNICIPALIDAD PROVINCIAL DEL CUSCO
_cBIBLIOTECA MUNICIPAL DEL CUSCO
082 _a549.12 /
_bC96
110 _aUniversidad Nacional de Tucumán
_920491
245 _aCuadernos de minerologia y geología /
260 _aTucumán :
_bUniversidad Nacional de Tucumán,
_c1939.
300 _a70 paginas ;
_bIlustraciones, cuadros
_c29 cm.
505 _aContenido : t.2: Opalo en cuentas de collares de indios sudamericanos -- Rocas magnéticas de la sierra de la ramada -- Geología hominal -- Gotas de la provincia de Tucumán...
650 _aMinerologia
_920492
650 _aGeología
_917044
650 _aEstudio de suelos
_96692
710 _aDepartamento de Investigaciones Regionales / Instituto de Minerologia y Geología
_920493
942 _2ddc
_cLIBROS
945 _awnts